Návrh základných opatrení ergonomickej racionalizácie na vybraných pracoviskách podniku Howe Slovensko s.r.o.

Salvato in:
Dettagli Bibliografici
Autore principale: Peková, Martina, 1990- (Autore)
Altri autori: Hatiar, Karol, 1949- (Relatore della tesi)
Natura: Manoscritto Libro
Lingua:slovacco
Pubblicazione: Trnava : STU v Bratislave MTF, 2014
Soggetti:
Accesso online:VAIS
Tags: Aggiungi Tag
Nessun Tag, puoi essere il primo ad aggiungerne!!

MARC

LEADER 00000ntm a22000003a 4500
001 stu293237
005 20150617230318.5
008 140708s2014----xo------------------slo-d
040 |a STU  |b slo 
041 0 |a slo 
044 |a xo 
100 1 |a Peková, Martina,  |d 1990-  |4 aut  |u M  |T MTF Materiálovotechnologická fakulta  |X 66119  |U M  |Y 60  |7 A000066119 
242 0 0 |a Ergonomic racionalization of selected workplaces in company Howe Slovensko s. r. o. and the project of its basic interventions   |y eng 
245 1 |a Návrh základných opatrení ergonomickej racionalizácie na vybraných pracoviskách podniku Howe Slovensko s.r.o. 
260 |a Trnava :  |b STU v Bratislave MTF,  |c 2014 
650 7 |a priemyselné manažérstvo  |2 stusub 
650 7 |a Industrial Management  |2 estusub 
650 7 |a ergonomics  |2 estusub 
650 7 |a noise  |2 estusub 
650 7 |a ergonómia  |2 stusub 
650 7 |a hluk  |2 stusub 
700 1 |a Hatiar, Karol,  |d 1949-  |4 ths  |u M4000  |U MTF Materiálovotechnologická fakulta  |T MTF Ústav priemyselného inžinierstva a manažmentu  |X 326  |U M4000  |Y 84  |7 A000000326 
856 4 |a info a plný text  |u http://is.stuba.sk/zp/portal_zp.pl?podrobnosti=112448  |3 VAIS 
996 |c M* BP-7285  |l MMSKP  |s P  |a 0  |w stu293237_0001